Specification for radiator hose (Record no. 73629)

MARC details
000 -LEADER
fixed length control field 00371nam a2200133Ia 4500
245 #0 - TITLE STATEMENT
Title Specification for radiator hose
260 ## - PUBLICATION, DISTRIBUTION, ETC. (IMPRINT)
Place of publication New Delhi
260 ## - PUBLICATION, DISTRIBUTION, ETC. (IMPRINT)
Year of publication 1964
Name of publisher ISI
490 ## - SERIES STATEMENT
Series statement Automotive &Aircraft Rubber Parts Subcom, CDC 6:6
500 ## - GENERAL NOTE
General note Standard number: IS 2765
650 ## - SUBJECT ADDED ENTRY--TOPICAL TERM
Topical Term Rubber radiator hose
942 ## - ADDED ENTRY ELEMENTS (KOHA)
Koha item type Standards
Holdings
Withdrawn status Lost status Damaged status Not for loan Home library Current library Date acquired Koha item type
      Standards RRII Library RRII Library 31/12/2021 Standards